000 00645nam a22002057a 4500
003 OSt
005 20240320183830.0
008 240320b |||||||| |||| 00| 0 sp d
040 _acunsuroc
_besp
_cana
082 _27a. ed.
_a150 P438:7
100 _aPérez, Ismael Diego
_97287
245 _aIntroducción a la psicología
_cPérez, Ismael Diego
_hFísico
250 _a7a. ed.
260 _aMéxico:
_bFernández editores,
_c1969.
300 _a271 p.
_b(Ensayos pedagógicos
_c17cm.
365 _b1
_d1.50
_jmx.
504 _aContiene bibliografía
650 _2Psicología
942 _2ddc
_cBK
_e7a. ed.
_h150 P438:7
_n0
999 _c2479
_d2479